[Event "Hamburg-chT Landesliga 2122"]
[Site "Hamburg"]
[Date "2022.05.07"]
[Round "7.8"]
[White "Jantzen, Hans Joerg"]
[Black "Syed, Tareq"]
[Result "1/2-1/2"]
[WhiteElo "2175"]
[BlackElo "1967"]
[PlyCount "118"]
[EventDate "2021.10.31"]
[EventType "team-tourn"]
[EventRounds "9"]
[EventCountry "GER"]
[SourceTitle "EXT 2023"]
[Source "ChessBase"]
[SourceDate "2022.10.05"]
[SourceVersion "1"]
[SourceVersionDate "2022.10.05"]
[SourceQuality "1"]
[WhiteTeam "Hamburger SK VI"]
[BlackTeam "Harburg Diagonale"]
[WhiteTeamCountry "GER"]
[BlackTeamCountry "GER"]

1. d4 d6 2. Nc3 Nf6 3. e4 e5 4. d5 c6 5. f3 Be7 6. Be3 0-0 7. Qd2 Nbd7 8. a4 cxd5 9. exd5 b6 10. Bb5 Bb7 11. Nge2 a6 12. Bc4 Qc8 13. Ba2 b5 14. a5 Qc7 15. b4 Rac8 16. Bb3 Qb8 17. Rd1 Nh5 18. 0-0 f5 19. f4 exf4 20. Nxf4 Nxf4 21. Bxf4 Bf6 22. Ne2 Rfe8 23. Nd4 g6 24. Ne6 Ne5 25. Bg5 Bh8 26. Qf2 Ba8 27. Qg3 Qc7 28. h4 Qd7 29. h5 Bb7 30. hxg6 hxg6 31. Bf4 Qh7 32. Rfe1 Bf6 33. Rxe5 dxe5 34. Bxe5 Qh5 35. Rd2 Bh4 36. Qe3 Qg4 37. d6 Rc4 38. Bxc4 bxc4 39. d7 Rxe6 40. d8Q+ Bxd8 41. Rxd8+ Kf7 42. Rd7+ Re7 43. Rxe7+ Kxe7 44. Qd2 Ke8 45. Bc7 Qe4 46. c3 Kf7 47. Bf4 Qd5 48. Qe2 Qe4 49. Qd2 Qd5 50. Qxd5+ Bxd5 51. Bg5 Ke6 52. Kf2 Bc6 53. g3 Kd5 54. Ke3 Ba4 55. Bf6 Kc6 56. Kd4 Kb5 57. Ke5 Bc2 58. Kd4 Bd3 59. Bg5 Be2 1/2-1/2

[Event "Heusenstamm Sparkassen op-A 6th"]
[Site "Heusenstamm"]
[Date "2019.11.22"]
[Round "2"]
[White "Henrich, Thomas"]
[Black "Syed, Tareq"]
[Result "1-0"]
[WhiteElo "2163"]
[BlackElo "2027"]
[PlyCount "107"]
[EventDate "2019.11.21"]
[EventType "swiss"]
[EventRounds "7"]
[EventCountry "GER"]
[SourceTitle "CBM 194 Extra"]
[Source "ChessBase"]
[SourceDate "2020.03.31"]
[SourceVersion "1"]
[SourceVersionDate "2020.03.31"]
[SourceQuality "1"]

1. e4 d6 2. d4 Nf6 3. f3 Nbd7 4. c4 e5 5. d5 Be7 6. Be3 c5 7. Ne2 h5 8. Nbc3 h4 9. Qd2 Nf8 10. Nc1 Ng6 11. Nd3 Nh5 12. Ne2 Nf6 13. b4 b6 14. a4 a5 15. bxc5 bxc5 16. Nc3 Nh5 17. Nb5 Ra6 18. Nc1 Nhf4 19. Rg1 Bg5 20. Nb3 Bh6 21. Qc3 Nh5 22. Bxh6 Rxh6 23. g3 hxg3 24. hxg3 Nxg3 25. Rxg3 Qh4 26. 0-0-0 Qxg3 27. Nc7+ Ke7 28. Nxa6 Bxa6 29. Nd2 Qf2 30. Qxa5 Bc8 31. Qc3 Rh2 32. a5 Nf4 33. Qb3 Qd4 34. Qb2 Qe3 35. Qb3 Qd4 36. Kc2 Qf2 37. Qc3 Ba6 38. Qb3 Bc8 39. Qb8 Qxf3 40. Qxc8 Qxe4+ 41. Kc1 Qd4 42. Qb7+ Kf6 43. Qb2 Qe3 44. Kb1 Qd4 45. Qxd4 cxd4 46. a6 Ke7 47. Kc2 Rh8 48. Rb1 f5 49. Rb7+ Kf6 50. Rd7 e4 51. Rxd6+ Ke5 52. Rd7 e3 53. Nf3+ Ke4 54. Ng5+ 1-0

[Event "Heusenstamm Sparkassen op-A 6th"]
[Site "Heusenstamm"]
[Date "2019.11.22"]
[Round "3"]
[White "Syed, Tareq"]
[Black "Baumgarten, Fred"]
[Result "1/2-1/2"]
[WhiteElo "2027"]
[BlackElo "1668"]
[PlyCount "50"]
[EventDate "2019.11.21"]
[EventType "swiss"]
[EventRounds "7"]
[EventCountry "GER"]
[SourceTitle "CBM 194 Extra"]
[Source "ChessBase"]
[SourceDate "2020.03.31"]
[SourceVersion "1"]
[SourceVersionDate "2020.03.31"]
[SourceQuality "1"]

1. d3 d5 2. g3 Nf6 3. Bg2 g6 4. Nd2 Bg7 5. e4 dxe4 6. dxe4 Nc6 7. Ngf3 0-0 8. 0-0 Bg4 9. h3 Bd7 10. c3 Qc8 11. Kh2 h5 12. Qe2 Nh7 13. Nb3 a6 14. Nc5 Be8 15. e5 b6 16. Nb3 Ra7 17. Bf4 e6 18. Rae1 Ne7 19. Qd2 Bb5 20. Rh1 Rd8 21. Qc1 c5 22. c4 Bc6 23. Nbd2 Qa8 24. Rhg1 Rd3 25. Ng5 Bxg2 1/2-1/2

[Event "Heusenstamm Sparkassen op-A 5th"]
[Site "Heusenstamm"]
[Date "2018.11.23"]
[Round "2"]
[White "Pohle, Saskia"]
[Black "Syed, Tareq"]
[Result "1/2-1/2"]
[WhiteElo "1656"]
[BlackElo "2025"]
[PlyCount "64"]
[EventDate "2018.11.22"]
[EventType "swiss"]
[EventRounds "7"]
[EventCountry "GER"]
[SourceTitle "CBM 188 Extra"]
[Source "ChessBase"]
[SourceDate "2019.02.26"]
[SourceVersion "1"]
[SourceVersionDate "2019.02.26"]
[SourceQuality "1"]

1. e4 c6 2. d4 Na6 3. Nc3 Nc7 4. Nf3 g6 5. Be2 Bg7 6. 0-0 d6 7. h3 Nf6 8. Re1 0-0 9. Bf1 d5 10. Bf4 Ne6 11. Be5 Bh6 12. Kh1 a6 13. a4 b6 14. Qd3 Bb7 15. b4 Rc8 16. Rab1 Qd7 17. b5 cxb5 18. exd5 Nxd5 19. Nxd5 Bxd5 20. axb5 Bc4 21. Qe4 Bxf1 22. Rxf1 axb5 23. d5 Nc5 24. Qb4 Qxd5 25. Qxb5 Qe4 26. Qxb6 Qxc2 27. Nd4 Qe4 28. Rfe1 Qa8 29. Nf5 Bg5 30. f4 gxf5 31. fxg5 Rc6 32. Qb5 Ne4 1/2-1/2

[Event "Rheinland Pfalz op 10th"]
[Site "Nickenich"]
[Date "2018.06.02"]
[Round "5"]
[White "Gnad, Gunnar"]
[Black "Syed, Tareq"]
[Result "0-1"]
[WhiteElo "1730"]
[BlackElo "2058"]
[PlyCount "58"]
[EventDate "2018.05.31"]
[EventType "swiss"]
[EventRounds "7"]
[EventCountry "GER"]
[SourceTitle "EXT 2019"]
[Source "ChessBase"]
[SourceDate "2018.10.10"]
[SourceVersion "1"]
[SourceVersionDate "2018.10.10"]
[SourceQuality "1"]

1. c4 Nf6 2. Nc3 d6 3. d4 c6 4. Nf3 Nbd7 5. h3 e5 6. e3 Be7 7. Be2 0-0 8. 0-0 Re8 9. Qc2 Bf8 10. a3 e4 11. Nd2 d5 12. b4 Bd6 13. Qa2 Nf8 14. cxd5 cxd5 15. f4 exf3 16. Nxf3 Bb8 17. Bd1 Qd6 18. Bb3 Be6 19. Ne2 h6 20. Nf4 g5 21. Nxe6 Rxe6 22. Ne5 N8d7 23. Nf3 h5 24. g4 Ne4 25. Bxd5 Nc3 26. Qf2 Nxd5 27. Nxg5 Rf6 28. Nf3 hxg4 29. hxg4 Rxf3 0-1

[Event "Hessen-chA"]
[Site "Frankfurt"]
[Date "2018.05.11"]
[Round "3"]
[White "Syed, Tareq"]
[Black "Bajorski, Leszek"]
[Result "1-0"]
[WhiteElo "2051"]
[BlackElo "1970"]
[PlyCount "73"]
[EventDate "2018.05.10"]
[EventType "swiss"]
[EventRounds "7"]
[EventCountry "GER"]
[SourceTitle "EXT 2019"]
[Source "ChessBase"]
[SourceDate "2018.10.10"]
[SourceVersion "1"]
[SourceVersionDate "2018.10.10"]
[SourceQuality "1"]

1. d3 c6 2. g3 d5 3. Bg2 Nf6 4. Nd2 e5 5. e3 Bd6 6. b3 0-0 7. Bb2 Re8 8. Ne2 Nbd7 9. 0-0 Nf8 10. a3 g5 11. Qb1 Bg4 12. Re1 Ng6 13. Qa2 h5 14. Rad1 h4 15. Qa1 hxg3 16. hxg3 Kg7 17. c4 Re7 18. Rc1 Qh8 19. f3 Bh3 20. Kf2 Bxg2 21. Kxg2 g4 22. Rh1 gxf3+ 23. Nxf3 Qc8 24. cxd5 Nxd5 25. Kf2 Nf6 26. Nf4 Qf5 27. e4 Qd7 28. Nxg6 Ng4+ 29. Ke2 fxg6 30. Rh4 Rh8 31. Rch1 Rxh4 32. Rxh4 Kf6 33. b4 g5 34. Rh5 Rg7 35. Qc1 Qc7 36. Rxg5 Rh7 37. Rxg4 1-0

[Event "Hessenliga 1718"]
[Site "Hessen"]
[Date "2018.02.18"]
[Round "7.6"]
[White "Syed, Tareq"]
[Black "Stickler, Roberto"]
[Result "1/2-1/2"]
[WhiteElo "2004"]
[BlackElo "2227"]
[PlyCount "48"]
[EventDate "2017.09.17"]
[EventType "team-tourn"]
[EventRounds "9"]
[EventCountry "GER"]
[SourceTitle "CBM 189 Extra"]
[Source "ChessBase"]
[SourceDate "2019.06.03"]
[SourceVersion "1"]
[SourceVersionDate "2019.06.03"]
[SourceQuality "1"]
[WhiteTeam "Frankfurt BvK"]
[BlackTeam "Dettingen"]
[WhiteTeamCountry "GER"]
[BlackTeamCountry "GER"]

1. d3 d5 2. e4 c6 3. Nd2 Qc7 4. Ngf3 Bg4 5. h3 Bh5 6. Qe2 Nd7 7. g4 Bg6 8. Bg2 e6 9. Nh4 Be7 10. Ndf3 dxe4 11. dxe4 Ngf6 12. Nxg6 hxg6 13. Bd2 Bd6 14. 0-0-0 Bf4 15. Rhe1 Bxd2+ 16. Nxd2 e5 17. Nc4 0-0 18. h4 Nc5 19. f4 exf4 20. e5 Nd5 21. Bxd5 cxd5 22. Rxd5 Ne6 23. Nd6 a6 24. h5 g5 1/2-1/2

[Event "Heusenstamm Sparkassen op-A 4th"]
[Site "Heusenstamm"]
[Date "2017.11.25"]
[Round "4"]
[White "Winterberg, Lukas"]
[Black "Syed, Tareq"]
[Result "1-0"]
[WhiteElo "2384"]
[BlackElo "2023"]
[PlyCount "71"]
[EventDate "2017.11.23"]
[EventType "swiss"]
[EventRounds "7"]
[EventCountry "GER"]
[SourceTitle "EXT 2019"]
[Source "ChessBase"]
[SourceDate "2018.10.10"]
[SourceVersion "1"]
[SourceVersionDate "2018.10.10"]
[SourceQuality "1"]

1. d4 Nf6 2. c4 d6 3. Nc3 c6 4. e4 e5 5. Nf3 Nbd7 6. Be2 Be7 7. 0-0 0-0 8. Be3 Re8 9. d5 c5 10. Rb1 Nf8 11. Ne1 Ng6 12. Nd3 Rf8 13. b4 cxb4 14. Rxb4 b6 15. g3 Bh3 16. Re1 Qc8 17. f3 h5 18. Nf2 Bd7 19. Rb2 Nh7 20. f4 exf4 21. gxf4 Nf6 22. Kh1 Ng4 23. Nxg4 hxg4 24. Rg1 f5 25. exf5 Bxf5 26. Bxg4 Qxc4 27. Bxf5 Rxf5 28. Rxg6 Qxc3 29. Bd4 Rxd5 30. Rxg7+ Kf8 31. Rg8+ Kf7 32. Rg7+ Kf8 33. Qg4 Qe1+ 34. Bg1 Qe4+ 35. Rg2 Rd2 36. Qh5 1-0

[Event "Heusenstamm Sparkassen op-A 4th"]
[Site "Heusenstamm"]
[Date "2017.11.24"]
[Round "3"]
[White "Syed, Tareq"]
[Black "Boe, Mads"]
[Result "1/2-1/2"]
[WhiteElo "2023"]
[BlackElo "2297"]
[PlyCount "52"]
[EventDate "2017.11.23"]
[EventType "swiss"]
[EventRounds "7"]
[EventCountry "GER"]
[SourceTitle "EXT 2019"]
[Source "ChessBase"]
[SourceDate "2018.10.10"]
[SourceVersion "1"]
[SourceVersionDate "2018.10.10"]
[SourceQuality "1"]

1. d3 d5 2. e4 c6 3. Nd2 Nf6 4. Ngf3 Bg4 5. e5 Nfd7 6. h3 Bxf3 7. Nxf3 e6 8. g3 c5 9. Bg2 Nc6 10. Bf4 Be7 11. h4 Qc7 12. Qe2 0-0-0 13. 0-0 h6 14. c4 d4 15. Rfe1 Rdg8 16. g4 g5 17. hxg5 hxg5 18. Bg3 Nf8 19. Nd2 Ng6 20. Bxc6 Qxc6 21. Ne4 Qc7 22. Nd2 Nh4 23. Ne4 Rg6 24. b4 cxb4 25. c5 Qc6 26. Rec1 Rgh6 1/2-1/2

[Event "Eschborn op"]
[Site "Eschborn"]
[Date "2017.10.15"]
[Round "4"]
[White "Syed, Tareq"]
[Black "Bennedik, Martin"]
[Result "1/2-1/2"]
[WhiteElo "1948"]
[BlackElo "2016"]
[PlyCount "23"]
[EventDate "2017.10.13"]
[EventType "swiss"]
[EventRounds "5"]
[EventCountry "GER"]
[SourceTitle "EXT 2019"]
[Source "ChessBase"]
[SourceDate "2018.10.10"]
[SourceVersion "1"]
[SourceVersionDate "2018.10.10"]
[SourceQuality "1"]

1. e4 e5 2. Nf3 Nc6 3. c3 d5 4. Qa4 f6 5. d3 Be6 6. Nbd2 Qd7 7. Be2 Nge7 8. 0-0 Ng6 9. d4 exd4 10. exd5 Bxd5 11. Nxd4 Nxd4 12. Qxd4 1/2-1/2

[Event "Heusenstamm Sparkassen op-A 3rd"]
[Site "Heusenstamm"]
[Date "2016.11.27"]
[Round "4"]
[White "Syed, Tareq"]
[Black "Henrich, Thomas"]
[Result "0-1"]
[WhiteElo "2032"]
[BlackElo "2221"]
[PlyCount "74"]
[EventDate "2016.11.24"]
[EventType "swiss"]
[EventRounds "7"]
[EventCountry "GER"]
[SourceTitle "EXT 2018"]
[Source "ChessBase"]
[SourceDate "2017.10.13"]
[SourceVersion "1"]
[SourceVersionDate "2017.10.13"]
[SourceQuality "1"]

1. d3 c5 2. g3 Nf6 3. Bg2 Nc6 4. e4 e6 5. Nd2 d5 6. Nh3 Be7 7. 0-0 0-0 8. f4 dxe4 9. dxe4 e5 10. c3 Bg4 11. Qe1 exf4 12. gxf4 Qd7 13. Qg3 Rad8 14. Nf2 h5 15. Bf3 h4 16. Qg2 Bh5 17. e5 Bxf3 18. Nxf3 Nd5 19. Ng4 f5 20. Nf2 Qe6 21. Nh3 Qh6 22. Nhg5 Nc7 23. Be3 Rd3 24. Qf2 Ne6 25. Nxe6 Qxe6 26. Ne1 Rd5 27. c4 Rd7 28. Bxc5 Qxc4 29. Bxe7 Rxe7 30. Ng2 h3 31. Ne3 Qe4 32. Qf3 Nd4 33. Qxh3 Ne2+ 34. Kf2 Nxf4 35. Qf3 Qxe5 36. Nc4 Qc5+ 37. Ne3 Nd3+ 0-1

[Event "Stuttgart-chA int"]
[Site "Ditzingen"]
[Date "2016.05.08"]
[Round "7"]
[White "Weis, Olga"]
[Black "Syed, Tareq"]
[Result "0-1"]
[WhiteElo "1902"]
[BlackElo "2010"]
[PlyCount "74"]
[EventDate "2016.05.05"]
[EventType "swiss"]
[EventRounds "7"]
[EventCountry "GER"]
[SourceTitle "EXT 2018"]
[Source "ChessBase"]
[SourceDate "2017.10.13"]
[SourceVersion "1"]
[SourceVersionDate "2017.10.13"]
[SourceQuality "1"]

1. e4 c6 2. d4 Na6 3. Bxa6 Qa5+ 4. Nc3 Qxa6 5. Nge2 d6 6. 0-0 Nf6 7. Be3 e5 8. Ng3 Qa5 9. Qd2 Ng4 10. h3 Nxe3 11. fxe3 f6 12. Qd1 Qc7 13. d5 c5 14. Nb5 Qb6 15. c4 a6 16. Nc3 Be7 17. Nh5 0-0 18. Ng3 g6 19. Qc2 Bd7 20. b3 Qa7 21. a4 Bd8 22. Rfc1 Ba5 23. Nd1 Qb8 24. Qe2 b5 25. Nf2 bxa4 26. bxa4 Kg7 27. Rcb1 Qa7 28. Rb3 Rab8 29. Rab1 Rxb3 30. Rxb3 Rb8 31. Qb2 Rxb3 32. Qxb3 Qb6 33. Qa2 Qb4 34. Ng4 Qxa4 35. Qf2 Bd8 36. Nf1 h5 37. Ngh2 Qxc4 0-1

[Event "Stuttgart-chA int"]
[Site "Ditzingen"]
[Date "2016.05.07"]
[Round "6"]
[White "Syed, Tareq"]
[Black "Reindl, Arno"]
[Result "1/2-1/2"]
[WhiteElo "2010"]
[BlackElo "1738"]
[PlyCount "34"]
[EventDate "2016.05.05"]
[EventType "swiss"]
[EventRounds "7"]
[EventCountry "GER"]
[SourceTitle "EXT 2018"]
[Source "ChessBase"]
[SourceDate "2017.10.13"]
[SourceVersion "1"]
[SourceVersionDate "2017.10.13"]
[SourceQuality "1"]

1. d3 c5 2. g3 Nc6 3. Bg2 g6 4. Nc3 Bg7 5. a3 Nf6 6. Rb1 d6 7. b4 Nd7 8. Bd2 a6 9. Nh3 0-0 10. Nf4 cxb4 11. axb4 Na7 12. h4 h5 13. Ne4 Rb8 14. Bc3 Ne5 15. Ba1 b5 16. 0-0 Bb7 17. Qd2 Qb6 1/2-1/2

[Event "Stuttgart-chA int"]
[Site "Ditzingen"]
[Date "2016.05.06"]
[Round "4"]
[White "Uso I Cubertorer, Lluis"]
[Black "Syed, Tareq"]
[Result "1/2-1/2"]
[WhiteElo "1660"]
[BlackElo "2010"]
[PlyCount "71"]
[EventDate "2016.05.05"]
[EventType "swiss"]
[EventRounds "7"]
[EventCountry "GER"]
[SourceTitle "EXT 2018"]
[Source "ChessBase"]
[SourceDate "2017.10.13"]
[SourceVersion "1"]
[SourceVersionDate "2017.10.13"]
[SourceQuality "1"]

1. e4 c6 2. Ne2 Na6 3. d4 g6 4. c3 Bg7 5. Be3 Nc7 6. Nd2 Nh6 7. Ng3 f6 8. f4 d5 9. e5 Bg4 10. Qb3 b6 11. Bd3 fxe5 12. fxe5 Qd7 13. h3 Be6 14. Qc2 Nf5 15. Nxf5 Bxf5 16. Rf1 Bxd3 17. Qxd3 Ne6 18. Qa6 Qc8 19. Qe2 Qd7 20. b4 a5 21. Nb3 a4 22. Nc1 Nc7 23. a3 Nb5 24. Kd2 Rf8 25. Rxf8+ Kxf8 26. Qf2+ Kg8 27. Ne2 Rf8 28. Qh4 Rf7 29. Nf4 Qf5 30. e6 Rf6 31. g4 Qe4 32. Qg3 g5 33. Nh5 Rf3 34. Qb8+ Rf8 35. Qg3 Rf3 36. Qb8+ 1/2-1/2